Your Mother Should Know - The Beatles full Lyrics - Statistics

General Stats
  • This quiz has been taken 13 times
  • The average score is 173 of 194
Answer Stats
Answer % Correct
a
100%
mother
100%
that
100%
your
100%
(Your
100%
Your
100%
all
92%
and
92%
know
92%
(know).
92%
should
92%
should)
92%
time
92%
up
92%
ago,
83%
before
83%
born.
83%
born
83%
Da
83%
da
83%
dada
83%
hit
83%
long,
83%
long
83%
she
83%
song
83%
was
83%
dance
75%
get
75%
Let's
75%
Sing
75%
sing
75%
Though
75%
to
75%
it
67%
me
67%
again,
50%
again:
50%
(yeah)
50%
Lift
33%
hearts
25%
No matching quizzes found
Score Distribution
Percent of People with Each Score
Percentile by Number Answered
Your Score History
You have not taken this quiz